00661nam a22002057a 4500003000200000005001700002008004100019020001800060050002100078245013500099250001300234260004000247300003800287500002500325504002000350650002600370650002500396650001800421650001600439020241122102346.0241122b xxu||||| |||| 00| 0 eng d a9781265126001 aQR 46b.L48 2024 aLevinson's review of medical microbiology & immunology :ba guide to clinical infectious diseases /cPeter Chin-Hong and 6 others. a18th ed. aNew York :bMcGraw Hill LLC,c2024. aix, 843 p. :bcol. ill. ;c28 cm. aa Lange medical book aIncludes index. aMedical microbiology. aClinical immunology. aMicrobiology. aImmunology.